• 首页
  • 本馆介绍
  • 公告通知
  • 最新文献
  • 馆藏检索
  • 电子资源
  • 读者导购
  • 参考咨询
  • 我的图书馆
  • 登录
  • 详细信息显示
  • 放入我的书架
  • 预约/预借图书
  • 作者相关作品
  • 分类相关作品
  • 丛书相关作品
  • 出版社相关作品

书目信息

  • 表格格式
  • 工作单格式
  • 卡片格式
题名:
阿道夫·希特勒
    
 
作者: 波罗夫斯基 著 ;姜志军 译
分册:  
出版信息: 北京   群众出版社  1983
页数: 167页
开本: 19cm
丛书名:
单 册:
中图分类: K835.167.5
科图分类:
主题词:
电子资源:
ISBN: 3067.175
000 00791nam0 2200253 450
001 0183012305
005 20100712220624.0
010    @a3067.175@dCNY0.75
091    @a3067.175
100    @a19950727d1983 em y0chiy0110 ea
101 1  @achi@cger
102    @aCN@b110000
105    @ay z 000yb
106    @ar
200 1  @a阿道夫·希特勒@9A;E Dao Fu · Xi Te Le;Lei @f(西德)彼得·波罗夫斯基著@g姜志军译
210    @a北京@c群众出版社@d1983
215    @a167页@d19cm
600  1 @a希特勒@c(Hitler, Adolf@f1889~1945)@x传记
600  1 @2CT@3S080461@a希特勒@c(Hitler, Adolf@f1889~1945)
690    @aK835.167.5@v3
701  1 @a波罗夫斯基@9bo luo fu si ji@b彼得@4著
702  0 @a姜志军@9jiang zhi jun@4译
801  0 @aCN@bAzMarc@c20130904
905    @aBZT@dK835.167.5@e7@f1@sK835.167.5/7
    
    阿道夫·希特勒/(西德)彼得·波罗夫斯基著/姜志军译.-北京:群众出版社,1983
    167页;19cm
    
    
    ISBN 3067.175:CNY0.75
    
●
相关链接 在五车中查询图书 在当当中查询图书 在豆瓣中查询图书


正题名:阿道夫·希特勒     索取号:K835.167.5/7         预约/预借

序号 登录号 条形码 馆藏地/架位号 状态 备注
1 2000136707   2000136707   旧书回溯/ [索取号:K835.167.5/7] 在馆    
山东省滨州职业学院图书馆 欢迎您!
大连网信软件有限公司© 版权所有